| 000 | 01016nam a2200265Ia 4500 | ||
|---|---|---|---|
| 003 | OSt | ||
| 005 | 20221005103705.0 | ||
| 006 | a|||||r|||| 00| 0 | ||
| 007 | ta | ||
| 008 | 221004b |||||||| |||| 00| 0 san d | ||
| 020 |
_a8187322519 (hbk) _c275 |
||
| 024 | _a13706 | ||
| 037 |
_b331, 08/02/2014, Eastern Book Linkers _cTextual |
||
| 040 |
_aCRL _cCRL _bsan |
||
| 041 |
_2san _asan |
||
| 082 | _aP15,Cx1,1,2:g, 152P0 | ||
| 100 | _aत्रिपाठी, सुजाता | ||
| 245 | 0 | _aमहाभाष्य प्रदीपोद्योतन कौमुदी | |
| 246 | _aMahābhāṣhya pradīpodyotan kaumudī | ||
| 260 |
_aदिल्ली _bअमर ग्रन्थ पब्लिकेशन भारत _c2010 |
||
| 300 |
_a254पृ0 _ccm. |
||
| 650 | _aहिन्दी भाषा | ||
| 942 |
_hP15,Cx1,1,2:g, 152P0 _cTEXL _2cc |
||
| 999 |
_c1010636 _d1010636 |
||